[Event "Mondariz zt 1.1"]
[Site "Mondariz"]
[Date "2000.09.10"]
[Round "7"]
[White "Dorfman, Josif D"]
[Black "Hauchard, Arnaud"]
[Result "1-0"]
[WhiteElo "2600"]
[BlackElo "2539"]
[Annotator "Ftacnik,L"]
[PlyCount "69"]
[EventDate "2000.09.03"]
[EventType "swiss"]
[EventRounds "11"]
[EventCountry "ESP"]
[SourceTitle "CBM 079"]
[Source "ChessBase"]
[SourceDate "2000.11.21"]
[SourceVersion "1"]
[SourceVersionDate "2000.11.21"]
[SourceQuality "1"]

1. d4 d5 2. c4 c6 3. e3 Nf6 4. Nc3 g6 5. Nf3 Bg7 6. Be2 O-O 7. O-O a6 8. Bd2
Bg4 9. Qb3 Ra7 (9... b5 10. cxd5 cxd5 11. h3 (11. a4 $6 Ne4 $1) 11... Bf5 12.
a4 $14) 10. h3 Bxf3 (10... Bf5 11. Rac1 $14) 11. Bxf3 e6 12. Rfd1 Nbd7 13. e4 {
Dorfman opens up the position in order to get breathing space for his bishops.}
(13. Rac1 Qb6 14. Qc2 $14) 13... dxe4 14. Bxe4 Qc7 (14... Nxe4 15. Nxe4 Bxd4 $2
16. Bg5 f6 17. Rxd4 fxg5 18. Rad1 $16) 15. Bf3 Raa8 16. Rac1 e5 (16... Qb6 17.
Qxb6 Nxb6 18. b3 $14) 17. d5 (17. dxe5 Nxe5 18. Be2 Rfe8 19. Be3 $14) 17... e4
18. Be2 (18. Nxe4 Nxe4 19. Bxe4 Nc5 20. Qf3 Nxe4 21. Qxe4 Bxb2 22. Bf4 Qd7 $14)
18... c5 (18... Rfd8 19. Be3 $16) 19. Be3 Rfe8 20. d6 Qc6 (20... Qb8 21. Rd2
Re6 22. Rcd1 Ne8 23. Nd5 Rxd6 24. Bf4 Be5 25. Bxe5 Nxe5 26. Qe3 $16) 21. Qa4
Rac8 (21... Qxa4 22. Nxa4 Rac8 23. b4 $2) (21... Qb6 22. Rd2 Re6 23. Rcd1 $16)
22. b4 $1 {[%mdl 32] Hoping to support the d6 pawn and turn him into decisive
factor.} Qxa4 (22... cxb4 23. Qxb4 $16) 23. Nxa4 cxb4 24. c5 h5 (24... Re5 25.
Rb1 Nd5 26. Bd4 Rg5 27. Bxg7 Kxg7 28. Bg4 $16) 25. Rb1 a5 26. a3 $1 bxa3 27.
Rxb7 Nd5 (27... Red8 28. Bd4 $16) 28. Rxd5 a2 29. Rd1 Red8 30. Bc4 (30. Rxd7 $2
Rxd7 31. Nb6 Rb8 $17) 30... a1=Q 31. Rxa1 Bxa1 32. Bg5 {White had to give up
the exchange, but his passed pawns are more than enough for a clean victory.}
Rb8 (32... Bf6 33. Bxf6 Nxf6 34. Rxf7 $18) 33. Rxb8 $1 Rxb8 34. c6 Rb1+ (34...
Bf6 35. Bxf6 Nxf6 36. c7 $18) 35. Bf1 1-0

[Event "Baden-Baden-B"]
[Site "Baden-Baden"]
[Date "1992.12.12"]
[Round "7"]
[White "Ribli, Zoltan"]
[Black "Tischbierek, Raj"]
[Result "1-0"]
[WhiteElo "2610"]
[BlackElo "2495"]
[Annotator "Ftacnik,L"]
[PlyCount "73"]
[EventDate "1992.12.??"]
[EventType "tourn"]
[EventRounds "11"]
[EventCountry "GER"]
[EventCategory "11"]
[SourceTitle "CBM 033"]
[Source "ChessBase"]
[SourceDate "1993.04.01"]
[SourceVersion "1"]
[SourceVersionDate "1993.04.01"]
[SourceQuality "1"]

1. Nf3 d5 2. c4 c6 3. e3 Nf6 4. Nc3 g6 5. d4 Bg7 6. Be2 O-O 7. O-O Bg4 8. cxd5
Nxd5 9. h3 Bxf3 10. Bxf3 e6 (10... Nb6 11. Qb3 N8d7 12. Rd1 Qc7 13. e4 c5 14.
Nb5 Qb8 15. dxc5 Nxc5 16. Qb4 Nba4 17. Be3 a5 18. Qd2 Ne6 19. Rab1 Qe5 20. Qe2
Nxb2 21. Rd5 Nf4 22. Rxe5 Nxe2+ 23. Bxe2 Bxe5 24. f4 $13 {Marin,M-Westerinen,H/
Thessaloniki olm/1988/}) 11. Qc2 (11. Qe2 Nd7 12. Rd1 Qe7 13. e4 N5b6 14. Be3
Rfe8 15. Rac1 Rac8 16. g3 Qb4 17. a3 Qf8 18. Bg2 Bh6 19. f4 f5 20. e5 Qe7 21.
h4 a6 22. Rc2 Bf8 23. Bf2 h5 24. Qd3 $14 {Cvitan,O-Kirov,N/Palma GMA-op/1989/})
(11. Bd2 Nd7 12. Rc1 Re8 13. Qc2 (13. Ne2 N5f6 14. g3 e5 15. Qc2 Qe7 16. dxe5
Nxe5 17. Bg2 Rad8 18. Nd4 Ned7 19. Rfd1 Nb6 20. Nb3 Ne4 21. Be1 Rxd1 22. Rxd1
f5 23. Na5 Qf7 24. b4 $14 {Portisch,L-Rubinetti,J/Toluca izt/1982/}) 13... Nxc3
14. Bxc3 Nb6 15. Rfd1 Qe7 16. Qb3 Nd5 17. Be1 Rad8 18. a3 Rd7 19. Qa4 a6 20.
Ba5 Qg5 21. Be1 Qd8 22. Qb3 Ne7 23. g3 Nf5 24. Bg2 $10 {Toth,B-Mokry,K/Reggio
Emilia (5)/1984/}) 11... Nd7 12. Rd1 Rc8 13. Bd2 Re8 14. Rac1 Nxc3 (14... N5b6
15. Ne4 $14) 15. Bxc3 Qc7 (15... e5 $2 16. dxe5 Bxe5 17. Bg4 f5 18. Bxf5 gxf5
19. Qxf5 Rc7 20. Bxe5 Rxe5 21. Qxe5 $18) 16. a4 a5 (16... e5 17. d5 $14) 17. b4
axb4 18. Bxb4 Ra8 19. a5 (19. d5 exd5 20. Bxd5 $14) 19... Bf8 20. Be1 Red8 21.
Rb1 (21. d5 Ne5 $5) 21... Nf6 22. Rb3 Rd7 23. Rdb1 Ra7 24. Qc4 Nd5 25. g3 Be7
26. Kg2 Kg7 27. e4 Nf6 28. Bc3 Kg8 29. Rb6 Bd8 30. a6 $1 Qxb6 (30... Rxa6 31.
Rxb7 $18) 31. Rxb6 Bxb6 32. d5 $1 exd5 33. exd5 Nxd5 34. Bxd5 Rxd5 (34... cxd5
35. Qc8+ Rd8 36. axb7 $18) 35. axb7 Rxb7 36. Qxc6 Rdd7 37. Bf6 $1 1-0

[Event "OHRA-B"]
[Site "Amsterdam"]
[Date "1990.??.??"]
[Round "3"]
[White "Tukmakov, Vladimir B"]
[Black "Serper, Grigory"]
[Result "1-0"]
[WhiteElo "2520"]
[BlackElo "2485"]
[Annotator "Ftacnik,L"]
[PlyCount "61"]
[EventDate "1990.07.??"]
[EventType "swiss"]
[EventRounds "9"]
[EventCountry "NED"]
[SourceTitle "CBM 020"]
[Source "ChessBase"]
[SourceDate "1991.02.01"]
[SourceVersion "1"]
[SourceVersionDate "1991.02.01"]
[SourceQuality "1"]

1. d4 Nf6 2. c4 c6 3. Nc3 d5 4. e3 g6 5. Nf3 Bg7 6. Bd3 O-O 7. O-O e6 8. e4
dxe4 9. Nxe4 Nxe4 10. Bxe4 Qc7 11. Bg5 $5 Nd7 $6 (11... c5) 12. c5 $1 e5 $2 (
12... Re8 $1) 13. Be7 Re8 14. Bd6 Qa5 (14... Qd8 15. dxe5 Nxe5 16. Nxe5 Bxe5
17. Bxe5 Qxd1 18. Raxd1 Rxe5 19. Rd8+ Kg7 20. Bf3 Rxc5 21. Re1 b6 22. b4 $1 Rc4
23. h3 Bb7 24. Rxa8 Bxa8 25. b5 $16) 15. Qb3 Qd8 $8 16. Bd3 $1 (16. dxe5 Nxe5
17. Rfe1 Nxf3+ 18. Bxf3 Rxe1+ 19. Rxe1 Bf8 $14) 16... e4 17. Bc4 exf3 18. Bxf7+
Kh8 19. Bxe8 Qxe8 20. Rfe1 Qg8 21. Qxg8+ $1 (21. Qxf3 Nf6 22. Re7 Nd5 23. Rxg7
Kxg7 24. Be5+ Kh6 $13) 21... Kxg8 22. Re8+ Kf7 23. Re7+ Kg8 24. Re8+ Kf7 25.
Rae1 Bf6 26. g4 $1 a5 27. h3 h5 28. Kh2 h4 (28... hxg4 29. hxg4 Bh4 30. Kh3
Bxf2 31. R1e7+ Kf6 32. Rxd7 Bxd7 33. Rxa8 Bxd4 34. Rf8+ $18) 29. R8e3 Bg5 30.
Rxf3+ Nf6 31. Re5 {Ftacnik,L} 1-0

[Event "Brno-A"]
[Site "Brno"]
[Date "1994.??.??"]
[Round "6"]
[White "Dreev, Alexey"]
[Black "Blatny, Pavel"]
[Result "1-0"]
[WhiteElo "2650"]
[BlackElo "2485"]
[Annotator "Ftacnik,L"]
[PlyCount "59"]
[EventDate "1994.08.??"]
[EventType "tourn"]
[EventRounds "9"]
[EventCountry "CZE"]
[EventCategory "13"]
[SourceTitle "CBM 043"]
[Source "ChessBase"]
[SourceDate "1994.12.01"]
[SourceVersion "1"]
[SourceVersionDate "1994.12.01"]
[SourceQuality "1"]

1. d4 Nf6 2. c4 c6 3. Nc3 d5 4. e3 g6 5. Nf3 Bg7 6. Be2 dxc4 7. Bxc4 O-O 8. h3
b5 9. Bd3 Nbd7 10. O-O Bb7 11. e4 e6 $2 (11... c5 $1 12. d5 (12. e5 Ne8) (12.
Bxb5 Nxe4 13. Nxe4 Bxe4 14. Bxd7 Qxd7 15. dxc5 Qc6 $44) (12. dxc5 Nxc5 13. Bxb5
Nfxe4 $36) 12... c4 13. Bc2 b4 14. Na4 Rc8 15. Be3 Qa5 $10) 12. e5 Ne8 (12...
Nd5 13. Ne4 {/\ Bg5+/-}) 13. Bg5 Qc7 14. Rc1 (14. Be7 Nxe5 15. Bxf8 Nxf3+ 16.
Qxf3 Kxf8 $44) 14... a6 15. Re1 c5 16. Be4 cxd4 (16... Rc8 17. Be7 Nxe5 18.
Bxf8 Nxf3+ 19. Qxf3 Bxe4 20. Nxe4 Bxf8 21. dxc5 $16) 17. Nxb5 Qb6 18. Bxb7 Qxb7
19. Nbxd4 Nc7 20. Qd2 Rfc8 $2 (20... Nd5 $16) 21. Nf5 $1 gxf5 22. Qxd7 Qb8 23.
Nd4 Nd5 (23... Qxb2 24. Nc6 Nd5 25. Nd8 $1 Rxd8 (25... Rxc1 26. Qxf7+ Kh8 27.
Qe8+ Bf8 28. Qxf8#) 26. Bxd8 $18) 24. Nxf5 Rxc1 25. Rxc1 Nb6 (25... exf5 26.
Qxd5 Bxe5 27. b4 $18) 26. Ne7+ Kf8 27. Qc6 Bxe5 28. Qe4 Bh2+ 29. Kh1 Qe5 (29...
Kg7 30. Qh4 $18) 30. Qxa8+ $1 (30. Qxa8+ $1 Nxa8 31. Rc8+ Kg7 32. Rg8#) 1-0

[Event "Fraenkische GM 1st"]
[Site "Pulvermuehle"]
[Date "2000.01.13"]
[Round "2"]
[White "Wells, Peter K"]
[Black "Zhu, Chen"]
[Result "1-0"]
[WhiteElo "2476"]
[BlackElo "2503"]
[Annotator "Ftacnik,L"]
[PlyCount "61"]
[EventDate "2000.01.12"]
[EventType "tourn"]
[EventRounds "9"]
[EventCountry "GER"]
[EventCategory "10"]
[SourceTitle "CBM 075"]
[Source "ChessBase"]
[SourceDate "2000.04.05"]
[SourceVersion "1"]
[SourceVersionDate "2000.04.05"]
[SourceQuality "1"]

1. d4 d5 2. c4 c6 3. Nc3 Nf6 4. e3 g6 5. Nf3 Bg7 6. Be2 O-O 7. O-O a6 8. a4 a5
9. b3 Bf5 10. Ba3 Na6 11. cxd5 cxd5 (11... Nxd5 12. Nxd5 cxd5 13. Rc1 $14) 12.
Rc1 h6 $6 (12... Rc8 $1) 13. Ne5 Nc7 (13... Rc8 14. g4 Ne4 15. Nxe4 Rxc1 16.
Qxc1 Bxe4 17. f3 f6 18. Nc6 bxc6 19. Bxa6 $18) (13... g5 14. f4 gxf4 15. Rxf4
$14) 14. g4 Be6 (14... Bd7 15. f4 $16) 15. f4 $1 {Black has already weakened
g6 pawn with 12...h6?!, so the white's plan of f5 is even stronger.} Nce8 (
15... Rc8 16. f5 gxf5 17. gxf5 Bd7 18. Bd3 $16) 16. f5 gxf5 17. gxf5 Bc8 (17...
Bd7 18. Bd3 $16) 18. Bd3 h5 (18... Nd6 19. Qf3 $16) 19. Rc2 Bh6 20. Rg2+ Ng7 (
20... Kh8 21. Qf3 $16) 21. Qf3 Kh8 22. Kh1 b6 $2 (22... Rb8 23. Rfg1 $16) 23.
Rg6 $5 {Wells already had various ways to Rome, he choses refreshing
combination of coming closer to the black king.} (23. Nc6 Qc7 24. Bb5 Re8 25.
Nxd5 Nxd5 26. Qxd5 Bb7 27. Qxf7 Bxc6 28. Bxc6 Qxc6 29. f6 $18) 23... fxg6 (
23... Kh7 24. Rxf6 exf6 25. Nc6 Qe8 26. Nxd5 Qxc6 27. Bb5 Qb7 (27... Qc2 28.
Nxf6+ Kh8 29. Bxf8 $18) 28. Nxf6+ Kh8 29. Bc6 $18) 24. Bxe7 Qc7 (24... Qe8 25.
Nxg6+ Kg8 26. Bxf8 Qxe3 27. Bd6 $18) 25. Nb5 Qxe7 (25... Qb7 26. Nd6 Qc7 27.
Ndf7+ Rxf7 28. Nxf7+ Kg8 29. Nxh6+ Kh7 30. fxg6+ Kxh6 31. Qxf6 $18) 26. Nxg6+
Kh7 27. Nxe7 Re8 (27... Ba6 28. Qg3 $18) 28. Qg3 $1 {The attack is
irresistable, black king was not open without a vision.} (28. Nxd5 $18) 28...
Rxe7 29. Qg6+ Kg8 30. Qxf6 Rxe3 31. Qxh6 (31. Qxh6 Rxd3 32. Rg1 $18) 1-0

[Event "Sanjin Hotel Cup"]
[Site "Taiyuan"]
[Date "2004.07.23"]
[Round "6"]
[White "Dreev, Alexey"]
[Black "Bu, Xiangzhi"]
[Result "1-0"]
[WhiteElo "2690"]
[BlackElo "2620"]
[Annotator "Ftacnik,L"]
[PlyCount "119"]
[EventDate "2004.07.17"]
[EventType "tourn"]
[EventRounds "9"]
[EventCountry "CHN"]
[EventCategory "16"]
[SourceTitle "CBM 102"]
[Source "ChessBase"]
[SourceDate "2004.09.23"]
[SourceVersion "1"]
[SourceVersionDate "2004.09.23"]
[SourceQuality "1"]

1. d4 d5 2. c4 c6 3. Nf3 Nf6 4. e3 g6 5. Nc3 Bg7 6. Bd3 O-O 7. O-O Bg4 8. h3
Bxf3 9. Qxf3 Qd6 10. Rd1 Nbd7 11. Bf1 a6 {Not the most useful move in this
position, usually black is trying to get counterplay in the center with 11...
e5.} (11... e5 12. cxd5 cxd5 13. dxe5 Nxe5 14. Qe2 (14. Qf4 Qe6 (14... Rfd8 15.
Bd2 Qe7 16. Be1 Rac8 17. Qa4 Nc6 18. Rac1 Qe5 19. Qb5 Rd7 20. Na4 Ne4 21. Nc3
Rcd8 22. Rd3 Nxc3 23. Bxc3 d4 24. Qxe5 Bxe5 25. exd4 Bxd4 26. Rcd1 {1-0
Kalinitschew,S-Bode,W/Porz 1991/ (63)}) 15. Bd2 a6 16. Be1 Rfd8 17. Rac1 Rac8
18. Qb4 b5 19. a4 Bf8 20. Qb3 bxa4 21. Qxa4 Rb8 {1/2-1/2 Sokolov,I-Smyslov,V/
Haninge 1989/ (25)}) 14... Nc6 15. b3 (15. Bd2 Qe7 16. Be1 Rfd8 17. g3 Rac8 18.
Bg2 Qe6 19. Rac1 Ne4 20. Qb5 Nxc3 21. bxc3 a6 22. Qxb7 Na5 23. Qb1 Nc4 24. e4
Rb8 25. Rxd5 {1-0 Franco Ocampos,Z-Kinsman,A/Sevilla 1989/ (25)}) 15... Ng4 16.
Qxg4 Bxc3 17. Rb1 Rad8 18. Bb2 Qf6 19. Bxc3 Qxc3 20. Bb5 Ne7 21. Rbc1 Qa5 22.
Qa4 Qb6 {1/2-1/2 Seirawan,Y-Donaldson,J/Seattle 2003/ (79)}) (11... Rfd8 12.
Qe2 e5 13. dxe5 Qxe5 14. cxd5 Nxd5 15. Nxd5 cxd5 16. Rb1 Rac8 17. Bd2 Rc2 18.
Bc3 Qe4 19. Qb5 Qf5 20. Qxd5 Qxf2+ 21. Kh1 Bf6 {1/2-1/2 Seirawan,Y-Hansen,C/
Thessaloniki 1988/ (28)}) 12. b3 Rfe8 (12... e5 $5) 13. Bb2 Rad8 14. Qe2 (14.
cxd5 cxd5 15. Rac1 $14) 14... dxc4 (14... e5 15. cxd5 cxd5 16. dxe5 Nxe5 17.
Rac1) 15. bxc4 e5 16. d5 $1 {Dreev is showing a bit of ambition as now black
pieces will not be so active.} cxd5 (16... c5 17. e4 $14) 17. Nxd5 (17. cxd5 e4
18. Rab1 Nc5 $11) 17... Nxd5 18. Rxd5 (18. cxd5 f5 $11) 18... Qc7 19. Rad1 Nc5
$6 (19... Nb6 $1 20. Rxd8 Rxd8 21. Rxd8+ Qxd8 22. Ba3 Qc7 $11) 20. Ba3 Bf8 (
20... Ne4 21. Qc2 Rxd5 22. Rxd5 Nf6 23. Rd2 e4 $11) 21. Bb2 Bg7 22. Qc2 $1 Rxd5
$2 {Bu Xiangzhi will learn to regret this positional mistake, passed "d" pawn
will decide the game.} (22... f5 23. Ba3 $14) 23. cxd5 Bf8 (23... Qd6 24. e4 b5
25. Be2 $14) 24. f4 $1 Bd6 (24... exf4 25. Qc3 f6 26. Qxf6 Bg7 27. Qxg7+ Qxg7
28. Bxg7 Kxg7 29. exf4 $16) 25. fxe5 Bxe5 26. Bxe5 Rxe5 27. d6 Qd7 28. Bc4 Kg7
(28... Rxe3 $2 29. Bxf7+ $1 Qxf7 30. Qxc5 Re8 31. Qc7 $18) 29. Qb2 f6 30. Qb6
Na4 (30... Kh6 31. Qc7 f5 32. Rd4 $16) 31. Qc7 $1 Qxc7 32. dxc7 Rc5 33. Rd7+ {
[%mdl 4096] Dreev has too many pluses in this position- better pieces,
magnificient passed pawn and bishop against the knight.} Kh6 34. Bg8 Nb6 (34...
g5 35. Rxh7+ Kg6 36. Re7 Nb6 37. Bh7+ Kh6 38. Bd3 f5 39. Re6+ Kg7 40. Rxb6 $18)
35. Rxh7+ Kg5 36. h4+ Kf5 (36... Kg4 37. Kh2 $18) 37. Kh2 (37. Kf2 Ke5 (37...
Na8 38. g4+ Ke5 39. Re7+ Kd6 40. Re6+ Kxc7 41. Rxf6 $18) 38. Re7+ Kd6 39. Re6+
Kxc7 40. Rxf6 $18) 37... Na8 38. h5 $1 {Original solution, white h pawn will
run through and black has no way to stop it.} (38. g4+ $5 Ke4 39. Re7+ Kf3 40.
Bd5+ Kf2 41. c8=Q Rxc8 42. Bxb7 Rc7 43. Rxc7 Nxc7 44. h5 $18) 38... Kg5 (38...
Rxc7 39. Rxc7 Nxc7 40. h6 $18) (38... Nxc7 39. h6 Kg5 40. Rxc7 Rxc7 41. h7
Rxh7+ 42. Bxh7 $18) 39. h6 f5 40. Kg3 (40. Bd5 Nxc7 41. Bxb7 $16) 40... b5 (
40... Nxc7 41. Rxc7 Rxc7 42. h7 $18) 41. Bd5 Nxc7 42. Bg8 $1 {White want to
hit the knight and play h6-h7 with a winning advantage.} Ne8 (42... Nd5 43. Rd7
Nf6 44. h7 $18) 43. Re7 Nf6 44. h7 Nxh7 45. Rxh7 Rc8 46. Bd5 Rd8 47. e4 (47.
Bb3 a5 48. Rb7 $18) 47... fxe4 48. Bxe4 Rd4 49. Rh4 Kf6 50. Bc2 Rd2 (50... Rxh4
51. Kxh4 $18) 51. Rf4+ Kg7 52. Rf2 Rd4 53. Kf3 a5 54. Ke3 Rh4 55. Rd2 Rc4 56.
Bd3 Rc5 57. Rc2 Rg5 58. Be4 b4 59. Rc7+ Kh6 60. Kf4 (60. Kf4 a4 61. Rh7+ Kxh7
62. Kxg5 $18) 1-0

[Event "Bundesliga 0203"]
[Site "Germany"]
[Date "2003.01.10"]
[Round "7.7"]
[White "Graf, Alexander"]
[Black "Schmidt, Bodo"]
[Result "1-0"]
[WhiteElo "2624"]
[BlackElo "2360"]
[Annotator "Ftacnik,L"]
[PlyCount "83"]
[EventDate "2002.10.19"]
[EventType "team-tourn"]
[EventRounds "15"]
[EventCountry "GER"]
[SourceTitle "CBM 093"]
[Source "ChessBase"]
[SourceDate "2003.04.01"]
[SourceVersion "1"]
[SourceVersionDate "2003.04.01"]
[SourceQuality "1"]
[WhiteTeam "Porz"]
[BlackTeam "Godesberg"]
[WhiteTeamCountry "GER"]
[BlackTeamCountry "GER"]

1. d4 d5 2. c4 c6 3. Nf3 Nf6 4. Nc3 a6 5. e3 g6 6. Bd3 Bg7 7. O-O O-O 8. b3 c5
9. Nxd5 $1 Nxd5 10. cxd5 cxd4 11. Nxd4 Qxd5 12. Ba3 Re8 13. Bc4 Qd7 14. Rc1 {
[%mdl 4] White has obviously done something right in the opening, his active
pieces make the completion of black's development quite problematic.} e5 (14...
Nc6 15. Nxc6 bxc6 16. Qf3 e5 17. e4 $16) 15. Nf3 Qf5 (15... Nc6 16. Ng5 Nd8 17.
Ne4 $16) 16. Bd5 (16. e4 Qf4 17. Qd5 Nc6 18. Ng5 Nd8 19. Be7 Be6 20. Nxe6 fxe6
21. Qd6 Nc6 22. Bxe6+ Kh8 23. Rxc6 bxc6 24. Qxc6 Bf8 $14) 16... e4 (16... Nc6
17. Rxc6 bxc6 18. Bxc6 Be6 19. e4 Qf6 20. Bd6 $16) 17. Rxc8 $1 {Original and
witty tactical combination finally cements white's advantage.} Rxc8 (17... Qxc8
18. Ng5 $18) 18. Bxb7 Nc6 (18... exf3 19. Bxa8 Qa5 20. Bb7 fxg2 21. Kxg2 Rd8
22. Qc1 $16) 19. Bxa8 Rxa8 20. Qc2 (20. Nd2 Qe6 21. Nc4 $14) 20... Rc8 (20...
exf3 21. Qxc6 Rc8 22. Qxf3 Qxf3 23. gxf3 Rc2 24. Rc1 $1 $16) 21. Nd2 Nb4 (21...
Qa5 22. Bd6 Qd8 23. Nc4 Na5 24. Rd1 $16) 22. Qxe4 Qxe4 23. Nxe4 Nxa2 24. g4 (
24. Rd1 f5 25. Ng3 Rb8 $11) 24... Rb8 25. Nc5 Nc3 {Black has managed to limit
the demage as it is far from easy for white to realize his spare pawn.} (25...
Bf8 $2 26. Nd7 Rxb3 27. Bxf8 Rb7 28. Nc5 $18) 26. Kg2 Rb5 27. Rc1 a5 28. f4 (
28. g5 h6 29. h4 hxg5 30. hxg5 Rb8 31. Rc2 Rb5 $14) 28... f5 $1 29. Kf3 Kf7 30.
g5 (30. h3 h6 31. h4 $14) 30... Bh8 31. Kf2 Bg7 32. Ke1 Nd5 33. Kd2 (33. Rd1
Nxe3 34. Rd7+ Kg8 35. Kd2 Nf1+ 36. Kd3 Nxh2 37. Rd8+ Kf7 38. Kc4 Rb6 39. Rd7+
Kg8 40. Nb7 $14) 33... Bf8 (33... Rb8 34. Rc4 Re8 35. e4 Nxf4 36. exf5 Rd8+ 37.
Kc2 Ng2 $14) 34. Kd3 Nb6 (34... Bxc5 35. Bxc5 Nb6 36. Kd4 Rxb3 37. Ra1 a4 $14)
35. Rc2 Bxc5 36. Bxc5 Rxb3+ {Black has every reason to be satisfied with his
successful defense.} 37. Kd4 Nd7 (37... Na4 $1 38. Bd6 (38. Kd5 Nxc5 39. Rxc5
Rxe3 40. Rxa5 Re4 41. Ra7+ $11) 38... Ke6 39. Rc6 (39. Bf8 Nb2 40. Rc6+ Kd7 41.
Ra6 Rd3+ 42. Kc5 Rxe3 $11) 39... Kd7 40. Ra6 Rb6 $15) 38. Bd6 Ke6 39. Rc6 Rb5 (
39... Rb6 40. Rxb6 Nxb6 41. Bc7 Nc8 42. Bxa5 Nd6 43. Bb4 Ne4 $11) 40. Ba3+ Kf7
41. Ra6 Nf8 $4 (41... Nb6 42. Ra7+ Kg8 $14) 42. Rf6+ 1-0

[Event "Lee Cup 4th"]
[Site "Beijing"]
[Date "1997.08.24"]
[Round "2"]
[White "Liang, Chong"]
[Black "Yin, Hao"]
[Result "1/2-1/2"]
[WhiteElo "2360"]
[BlackElo "2410"]
[Annotator "Ftacnik,L"]
[PlyCount "48"]
[EventDate "1997.08.23"]
[EventType "swiss"]
[EventRounds "11"]
[EventCountry "CHN"]
[SourceTitle "CBM 061"]
[Source "ChessBase"]
[SourceDate "1997.11.23"]
[SourceVersion "1"]
[SourceVersionDate "1997.11.23"]
[SourceQuality "1"]

1. d4 Nf6 2. c4 g6 3. Nc3 d5 4. Nf3 Bg7 5. e3 O-O 6. Bd2 c5 7. dxc5 Na6 8. cxd5
Nxc5 9. Bc4 b5 (9... Bf5 10. Qe2 (10. O-O a6 11. b4 (11. Nd4 Bd3 12. Bxd3 Nxd3
13. Qe2 Nc5 14. e4 Nfxe4 15. Nxe4 Bxd4 16. Nxc5 Bxc5 17. Bh6 Re8 18. Qe5 f6 19.
Qe6+ Kh8 20. Rac1 Qd6 21. Qf7 Rg8 22. Rfe1 g5 {0-1 Zhukhovitsky,S-Tukmakov,V/
USSR 1971 (37)}) 11... Nd3 12. Qe2 Nxb4 13. e4 Bg4 14. Rac1 a5 15. Rfd1 Nd7 16.
h3 Bxf3 17. Qxf3 Ne5 18. Qe2 Rc8 19. Bb5 Qd6 20. Be3 Nf3+ 21. Qxf3 Bxc3 22. Qe2
{1/2-1/2 Kolbaek,J-Brinck Claussen,B/Vejle op 1974 (33)}) 10... Nfe4 (10... e6
11. Nd4 exd5 12. Bb5 Bg4 13. f3 a6 14. Bd3 Bd7 15. O-O Re8 16. Bc2 Qc7 17. Qf2
Re7 18. Rac1 Rae8 19. Bb1 Qd6 20. Nd1 Nh5 21. g4 Bxd4 22. exd4 Na4 23. Be3 Nf4
24. Qd2 g5 {0-1 Setterqvist,K-Winge,S/SVE-ch Linkoping 1984 (39)}) 11. O-O Rc8
12. Nxe4 (12. Rfd1 Nd6 13. Be1 Nxc4 14. Qxc4 Bc2 15. Rdc1 Nd3 16. Qb5 Nxc1 17.
Rxc1 Be4 18. Qxb7 Bxd5 19. Qxa7 Ra8 20. Qc5 Bxa2 {1-0 Bogdanov,V-Mincsovics,M/
Spring op 1993 (39)}) 12... Bxe4 13. Rad1 Bxd5 14. Bc3 Bxc4 15. Qxc4 Qb6 16.
Bxg7 Kxg7 17. Rd2 Nd7 18. Qe4 Nf6 19. Qxe7 Rfe8 20. Qa3 Rc5 21. b4 Rc4 22. Rd4
Re4 23. Rb1 {Taimanov,M-Spiridonov,N/CSR-ch Brno 1975/1-0 (71)}) (9... b6 10.
Qe2 (10. O-O Bb7 11. Be1 Rc8 12. Rc1 Qd6 13. Nd4 a6 14. b4 Ncd7 15. Bb3 Nxd5
16. Nxd5 Rxc1 17. Qxc1 Bxd5 18. Bxd5 Qxd5 19. Qc6 Qxc6 20. Nxc6 Bf6 21. Bd2 Ne5
{1/2-1/2 Murugan,K-Nicholson,J/BCF-ch 1989}) 10... Nfe4 11. O-O Bb7 (11... Nd6
12. Bd3 Nxd3 13. Qxd3 a5 14. Rfd1 Ba6 15. Qb1 Rc8 16. Be1 b5 17. a3 Qb6 18. Ne2
Rfd8 19. Ned4 Bb7 20. e4 e6 21. dxe6 Nxe4 22. exf7+ Kxf7 23. Qd3 Rc4 {Sideif
Sade,F-Dvoirys,S/URS-ch sf Aktjubinsk 1985/0-1 (70)}) 12. Rfd1 Rc8 13. Rac1 Qd6
14. a3 Rfd8 15. b4 Nxc3 16. Bxc3 Ne4 17. Bxg7 Kxg7 18. h3 Qf6 19. Qd3 Qf5 20.
Qd4+ Nf6 21. Qe5 Qxe5 22. Nxe5 Nxd5 23. Bxd5 Rxd5 {1/2-1/2 Radnoti,G-Kiss,V/
HUN-chT2 1993 (39)}) (9... e6 10. dxe6 Bxe6 11. Bxe6 Nd3+ 12. Ke2 fxe6 13. Qb1
Nb4 14. a3 Nc6 15. Rd1 Qc7 16. Qa2 Rae8 17. Qc4 a6 18. Rac1 Nd7 19. Kf1 Nde5
20. Nxe5 Qxe5 21. Kg1 {Bielicki,C-Foguelman,A/Buenos Aires MEPH 1989/1/2-1/2 
(60)}) 10. Bxb5 Nxd5 11. O-O Rb8 {Black is playing some kind of gambit with
the hope to get enough compensation for the sacrificed pawn. Schwarz spielt
eine art vom Gambit mit der Hoffnung genugend Gegenspiel fur den Bauern zu
erwischen.} 12. a4 (12. Bc4 Nb6 13. Be2 Bf5 14. Nd4 Bd7 15. Rc1 e5 16. Nb3 Nxb3
17. axb3 Be6 18. Ne4 Qe7 19. Nc5 Rfd8 20. Qe1 Rbc8 21. b4 Bd5 22. e4 Ba8 23.
Be3 Nd7 24. f3 Nb8 25. b5 {Kasimdzhanov,R-Abramov,A/RUS-Cup2 1996/EXP 56/1-0 
(38)}) 12... Nb4 (12... Nxc3 13. Bxc3 Bxc3 14. bxc3 Qc7 $14) 13. e4 (13. Ne4 $5
Nxe4 14. Bxb4 Bd7 15. Qc2 (15. Bxe7 Qxe7 16. Qxd7 Qxd7 17. Bxd7 Rxb2 $132)
15... Nd6 16. Bxd6 exd6 17. Nd4 $14) 13... a6 14. Bf4 (14. Bc4 Nbd3 15. Bxd3
Nxd3 16. b3 Nc5 17. Rb1 Bxc3 $11) 14... Rb7 15. Qxd8 Rxd8 16. Rad1 $1 (16. Be2
Nbd3 17. Bxd3 Nxd3 18. Rfd1 Rxb2 $17) 16... Nbd3 (16... Rxd1 17. Rxd1 axb5 $2
18. Rd8+ Bf8 19. Rxc8 Ne6 20. Bh6 bxa4 21. Nd4 $16) 17. Bxd3 Rxd3 (17... Nxd3
$2 18. Ne1 Rbd7 (18... Rxb2 19. Nxd3 Rc2 20. Nd5 $18) 19. Nxd3 Bxc3 20. bxc3
Rxd3 21. Rxd3 Rxd3 22. Rc1 $14) 18. Be3 Rxd1 19. Rxd1 (19. Nxd1 Nxa4 $17) 19...
Ne6 20. Nd4 $6 (20. Bc1 $5 Bxc3 21. bxc3 Bd7 22. a5 Bc6 23. Nd2 Rb5 $14) 20...
Bxd4 (20... Nxd4 21. Bxd4 Rxb2 22. h3 $11) 21. Bxd4 Rxb2 22. Nd5 (22. Be5 f6
23. Nd5 fxe5 24. Nxe7+ Kg7 25. Nxc8 Nc5 $11) 22... Nxd4 23. Nxe7+ Kg7 24. Nxc8
Ne2+ (24... Ne2+ 25. Kf1 Nc3 26. Re1 Nxa4 27. Nd6 $11) 1/2-1/2